000 00669nam a2200277Ia 4500
005 20260324135337.0
008 008 260324s9999 xx 000 0 eng d
020 _a9781003548867
037 _aEBOOK
040 _aCRL
040 _beng
040 _cCRL
041 _2eng
041 _aeng
084 _qCRL
100 _aSteven Tradewell; Philip Mirowski
_91200220
245 4 _aThe Economic Writings of William Thornton Vol 3
260 _bTaylor and Francis
260 _c2000
365 _a
365 _b150
856 _uhttp://www.taylorfrancis.com/books/9781003548867
942 _cEBOOK
999 _c1801212
_d1801212